Movimientos sociales y participación política en Bolivia /

Se analizan las relaciones entre el Movimiento al Socialismo (MAS), como partido de gobierno, y las organizaciones campesinas e indígenas, para evaluar las transformaciones en las pautas de participación política en la democracia bolivariana. El ensayo aborda temáticas como la coalición del MAS con...

詳細記述

保存先:
書誌詳細
第一著者: Mayorga, Fernando
フォーマット: 図書
言語:Spanish
主題:
タグ: タグ追加
タグなし, このレコードへの初めてのタグを付けませんか!

MARC

LEADER 00000nam a22000007a 4500
003 cru CIDCACS/IIS
005 20200611062545.0
008 161102t2011 ag ||||| |||| 00| 0 spa d
999 |c 18681  |d 18681 
040 |c cru CIDCACS/IIS 
100 1 |9 324  |a Mayorga, Fernando 
245 1 |a Movimientos sociales y participación política en Bolivia /  |c Fernando Mayorga 
300 |a páginas 19-41 
520 |a Se analizan las relaciones entre el Movimiento al Socialismo (MAS), como partido de gobierno, y las organizaciones campesinas e indígenas, para evaluar las transformaciones en las pautas de participación política en la democracia bolivariana. El ensayo aborda temáticas como la coalición del MAS con los movimientos sociales, el Pacto de Unidad (instancia de coordinación de organizaciones campesinas e indígenas), la Asamblea Constituyente del 2006 y 2007, el rol de la Coordinadora Nacional por el Cambio (CONALCAM), y las formas y consecuencias de la participación política indígena y campesina en la dinámica partidista y las organizaciones populares. Para finalizar se discute sobre la ciudadanía, los nuevos derechos y el pluralismo nacional.  
650 4 |9 3207  |a PARTICIPACION POLITICA 
650 1 0 |9 83  |a DEMOCRACIA 
650 4 |9 2696  |a ORGANIZACIONES CAMPESINAS 
650 1 0 |a MOVIMIENTOS SOCIALES  |9 3 
650 1 0 |9 3852  |a PLURALISMO 
650 0 |9 4725  |a INDIGENAS 
650 1 0 |9 5256  |a MORALES, EVO, 1959- 
651 1 0 |9 3492  |a BOLIVIA 
773 0 |0 4224  |9 78  |a Cheresky, Isidoro   |d Argentina : CLACSO; Prometeo Libros   |o 15112  |t Ciudadanía y legitimidad democrática en América Latina /   |w (cru CIDCACS/IIS)44456  |x 9789875745391  |z 978-987-574-  
942 |2 ddc  |c LI